Manejo de fauna silvestre neotropical

Saved in:
Main Author: Ojasti, Juhani
Format: Book
Language:Spanish
Published: Washington, DC : Smithsonian Institution, 2000
Series:SI/MAB Series ; v. 5
Subjects:
LEADER 00809nam#a2200265#a#4500
001 007360
005 20160721144302.0
008 010827s2000####xxu#################spa#d
020 |a 189391206X 
040 |a AR-beUNQ 
099 |a 24-O10 
100 1 |a Ojasti, Juhani 
245 0 2 |a Manejo de fauna silvestre neotropical  |c Juhani Ojasti. 
260 |a Washington, DC :  |b Smithsonian Institution,  |c 2000 
300 |a 290 p. :   |b il. 
490 0 |a SI/MAB Series ;  |v v. 5 
650 7 |a ANIMALES  |2 Spines 
650 7 |a VEGETACION  |2 Spines 
650 7 |a CAZA (ANIMALES)  |2 Spines 
650 7 |a POLITICA DEL MEDIO AMBIENTE  |2 Spines 
650 7 |a POBLACIONES  |2 Spines 
650 7 |a NUTRICION ANIMAL  |2 Spines 
929 |a COMPRA  |b Smithsonian Institution  |d 4,00E  |e 20010309  |f patrimonio  |j 29792 
942 |c LIB  |n 0 
999 |c 9949  |d 85336